[Event "NATO-ch 21st"]
[Site "Koge"]
[Date "2010.10.19"]
[Round "2"]
[White "Skindzier, Saturnin"]
[Black "Christen, Pierre"]
[Result "1-0"]
[WhiteElo "2173"]
[BlackElo "2007"]
[PlyCount "69"]
[EventDate "2010.10.18"]
[EventType "swiss"]
[EventRounds "7"]
[EventCountry "DEN"]
[SourceTitle "EXT 2011"]
[Source "ChessBase"]
[SourceDate "2010.11.26"]
[SourceVersion "1"]
[SourceVersionDate "2010.11.26"]
[SourceQuality "1"]

1. d4 d5 2. Nf3 Nf6 3. c4 c6 4. e3 Bf5 5. Nc3 e6 6. Qb3 Qb6 7. c5 Qc7 8. Be2 Nbd7 9. Nh4 Be7 10. Nxf5 exf5 11. Qc2 g6 12. b4 Ne4 13. 0-0 h5 14. a4 Ndf6 15. f3 Ng4 16. f4 Bd8 17. Nxe4 fxe4 18. b5 f5 19. a5 a6 20. bxa6 bxa6 21. Qa4 Kd7 22. Rb1 Nf6 23. Bd2 Ne8 24. Rb3 Qc8 25. Rfb1 Rg8 26. Rb7+ Ke6 27. R1b2 Rg7 28. R7b6 Bxb6 29. axb6 Nf6 30. Ra2 Nd7 31. Bxa6 Rxa6 32. Qxa6 Qxa6 33. Rxa6 Rg8 34. Ra7 Rb8 35. Rc7 1-0

[Event "POL-chT3 Warminsko Mazurskie"]
[Site "Ostroda"]
[Date "2009.09.13"]
[Round "4.8"]
[White "Skindzier, Saturnin"]
[Black "Opalinski, Krzysztof"]
[Result "1-0"]
[WhiteElo "2169"]
[BlackElo "1831"]
[PlyCount "75"]
[EventDate "2009.09.11"]
[EventType "team-tourn"]
[EventRounds "5"]
[EventCountry "POL"]
[SourceTitle "EXT 2019"]
[Source "ChessBase"]
[SourceDate "2018.10.10"]
[SourceVersion "1"]
[SourceVersionDate "2018.10.10"]
[SourceQuality "1"]

1. d4 d5 2. Nf3 Nf6 3. c4 c6 4. Nc3 g6 5. Bf4 Bg7 6. e3 0-0 7. Qb3 a5 8. Be2 dxc4 9. Bxc4 b5 10. Be2 Ba6 11. 0-0 e6 12. Rac1 Nbd7 13. a4 b4 14. Bxa6 Rxa6 15. Nb1 Qb6 16. Nbd2 c5 17. Nc4 Qa7 18. Nd6 cxd4 19. Nxd4 Nd5 20. N6b5 Qb6 21. Bg3 Raa8 22. e4 N5f6 23. Rc7 Rab8 24. Rfc1 Qa6 25. f3 Rxb5 26. Nxb5 Qb6+ 27. Bf2 Qb8 28. Qd3 Ne5 29. Qd6 Ne8 30. Qa6 Nxc7 31. Rxc7 Qd8 32. Qd6 Qxd6 33. Nxd6 Ra8 34. Bg3 Nd3 35. Nxf7 Nxb2 36. Nd8 b3 37. Rxg7+ Kxg7 38. Be5+ 1-0

[Event "NATO-ch 20th"]
[Site "Hammelburg"]
[Date "2009.06.16"]
[Round "2"]
[White "Skindzier, Saturnin"]
[Black "Razola Garcia, Joaquin"]
[Result "0-1"]
[WhiteElo "2186"]
[BlackElo "2106"]
[PlyCount "82"]
[EventDate "2009.06.15"]
[EventType "swiss"]
[EventRounds "7"]
[EventCountry "GER"]
[SourceTitle "CBM 130 Extra"]
[Source "ChessBase"]
[SourceDate "2009.07.02"]
[SourceVersion "2"]
[SourceVersionDate "2009.07.15"]
[SourceQuality "1"]

1. d4 Nf6 2. Nf3 e6 3. Bf4 b6 4. e3 Bb7 5. Bd3 Be7 6. Nbd2 0-0 7. c3 d6 8. Qe2 Nbd7 9. h3 Re8 10. e4 e5 11. Bh2 exd4 12. cxd4 d5 13. e5 Ne4 14. 0-0 f5 15. Rac1 c6 16. Rc2 Nf8 17. Rfc1 Ne6 18. Ba6 Bxa6 19. Qxa6 c5 20. Nb3 c4 21. Nbd2 g5 22. b3 c3 23. Nxe4 fxe4 24. Ne1 Nxd4 25. Rxc3 Ne6 26. Qe2 Ba3 27. Rd1 Bc5 28. Nc2 d4 29. b4 Qe7 30. bxc5 dxc3 31. Qxe4 bxc5 32. Ne3 Rad8 33. Rd6 Qf7 34. Nf5 Kh8 35. Bg3 Qg6 36. Qg4 Rxd6 37. Nxd6 Rb8 38. Kh2 c2 39. Qc4 Rb1 40. Qd5 c1Q 41. Qa8+ Qg8 0-1

[Event "NATO-ch 18th"]
[Site "Ankara"]
[Date "2007.09.04"]
[Round "4"]
[White "Skindzier, Saturnin"]
[Black "Paehtz, Elisabeth"]
[Result "1/2-1/2"]
[WhiteElo "2203"]
[BlackElo "2457"]
[PlyCount "63"]
[EventDate "2007.09.01"]
[EventType "swiss"]
[EventRounds "7"]
[EventCountry "TUR"]
[SourceTitle "EXT 2008"]
[Source "ChessBase"]
[SourceDate "2007.11.25"]
[SourceVersion "1"]
[SourceVersionDate "2007.11.25"]
[SourceQuality "1"]
[WhiteTeam "Poland"]
[BlackTeam "Germany"]
[WhiteTeamCountry "POL"]
[BlackTeamCountry "GER"]

1. d4 e6 2. Nf3 f5 3. g3 b6 4. Bg2 Bb7 5. 0-0 Nf6 6. c4 g6 7. Nc3 Bg7 8. Qc2 0-0 9. b4 Ne4 10. Bb2 Nc6 11. a3 Nxd4 12. Nxd4 Bxd4 13. Rad1 Bxc3 14. Bxe4 Bxb2 15. Bxb7 Rb8 16. Bc6 Qf6 17. Rxd7 a5 18. Rfd1 Bxa3 19. Rxc7 Bxb4 20. Rdd7 Rbc8 21. Rxh7 Rxc7 22. Rxc7 Bc5 23. Qd3 Rf7 24. Rxf7 Kxf7 25. e3 g5 26. Kg2 g4 27. Qd7+ Qe7 28. Qc8 Qf8 29. Qd7+ Kf6 30. h3 gxh3+ 31. Kxh3 Qe7 32. Qc8 1/2-1/2

[Event "NATO-ch 17th"]
[Site "Berkshire"]
[Date "2006.08.23"]
[Round "4"]
[White "Skindzier, Saturnin"]
[Black "Drabke, Lorenz Maximilian"]
[Result "0-1"]
[WhiteElo "2199"]
[BlackElo "2386"]
[PlyCount "102"]
[EventDate "2006.08.21"]
[EventType "swiss"]
[EventRounds "7"]
[EventCountry "ENG"]
[SourceTitle "EXT 2007"]
[Source "ChessBase"]
[SourceDate "2006.11.23"]
[SourceVersion "1"]
[SourceVersionDate "2006.11.23"]
[SourceQuality "1"]

1. d4 d5 2. Nf3 Nf6 3. c4 c6 4. Nc3 dxc4 5. a4 Bf5 6. Nh4 Bd7 7. e3 e6 8. Nf3 c5 9. Bxc4 cxd4 10. exd4 Bc6 11. 0-0 Be7 12. Ne5 0-0 13. Re1 Nbd7 14. Nxc6 bxc6 15. a5 Nd5 16. Ne4 Rb8 17. Qc2 Bb4 18. Bd2 N7f6 19. Bd3 Bxd2 20. Qxd2 Rb4 21. Nc5 Qb8 22. b3 Qd6 23. Bc4 Rd8 24. g3 Rbb8 25. Rad1 g6 26. Qd3 Kg7 27. Qf3 Nd7 28. Ne4 Qb4 29. Ra1 Qe7 30. h4 Nb4 31. Rad1 Nf6 32. Nc5 Rd6 33. Qc3 Nbd5 34. Qf3 Nb4 35. Qc3 Nbd5 36. Qf3 Rbd8 37. Re5 Nd7 38. h5 Nxc5 39. dxc5 R6d7 40. Rde1 Qxc5 41. Kg2 Qd6 42. R5e4 Qe7 43. Rh4 Qg5 44. hxg6 hxg6 45. Reh1 Nf6 46. Qxc6 Qxa5 47. Qf3 Qg5 48. Rf4 Nh5 49. Rg4 Qf5 50. Qc3+ e5 51. Rgh4 Rd2 0-1

[Event "Poznan op 15th"]
[Site "Poznan"]
[Date "2006.07.29"]
[Round "8"]
[White "Krupa, Bartlomiej"]
[Black "Skindzier, Saturnin"]
[Result "0-1"]
[WhiteElo "2088"]
[BlackElo "2199"]
[PlyCount "70"]
[EventDate "2006.07.22"]
[EventType "swiss"]
[EventRounds "9"]
[EventCountry "POL"]
[SourceTitle "EXT 2008"]
[Source "ChessBase"]
[SourceDate "2007.11.25"]
[SourceVersion "1"]
[SourceVersionDate "2007.11.25"]
[SourceQuality "1"]

1. e4 c5 2. Nf3 Nc6 3. d4 cxd4 4. Nxd4 e5 5. Nb5 d6 6. c4 Be7 7. N1c3 a6 8. Na3 Be6 9. Be2 Nd4 10. Nc2 Nxe2 11. Qxe2 Rc8 12. Ne3 Nf6 13. 0-0 0-0 14. Ned5 Nxd5 15. Nxd5 Bxd5 16. cxd5 Qa5 17. Qd3 Qa4 18. Bd2 Qc2 19. Qxc2 Rxc2 20. Bc3 Bg5 21. Bb4 Rd8 22. b3 g6 23. g3 f5 24. exf5 gxf5 25. Rfd1 Kf7 26. Kf1 Ke7 27. Ke1 Rdc8 28. Bd2 Bxd2+ 29. Rxd2 Rxd2 30. Kxd2 Rc5 31. b4 Rxd5+ 32. Kc3 e4 33. a4 Rd3+ 34. Kc2 Rf3 35. Rf1 d5 0-1

[Event "Poznan op 15th"]
[Site "Poznan"]
[Date "2006.07.23"]
[Round "2"]
[White "Koziak, Vitali"]
[Black "Skindzier, Saturnin"]
[Result "1-0"]
[WhiteElo "2495"]
[BlackElo "2199"]
[PlyCount "63"]
[EventDate "2006.07.22"]
[EventType "swiss"]
[EventRounds "9"]
[EventCountry "POL"]
[SourceTitle "EXT 2008"]
[Source "ChessBase"]
[SourceDate "2007.11.25"]
[SourceVersion "1"]
[SourceVersionDate "2007.11.25"]
[SourceQuality "1"]

1. d4 Nf6 2. c4 e6 3. Nc3 d5 4. cxd5 exd5 5. Bg5 Be7 6. e3 c6 7. Bd3 Nbd7 8. Qc2 Nh5 9. Bxe7 Qxe7 10. 0-0-0 Nb6 11. Kb1 Be6 12. f4 0-0-0 13. Nf3 Kb8 14. f5 Bc8 15. g4 Nf6 16. Qf2 Rhe8 17. Rhe1 Qc7 18. h3 Re7 19. Rc1 Ka8 20. b3 Rde8 21. Kb2 Qd6 22. Nd2 Qb8 23. a3 h6 24. Rcd1 Bd7 25. Bc2 Qc7 26. Nf3 Nc8 27. Ne5 Nd6 28. Qf4 Bc8 29. Rc1 Nde4 30. Bxe4 dxe4 31. Rf1 Qb8 32. b4 1-0

[Event "NATO-ch 16th"]
[Site "Kolobrzeg"]
[Date "2005.08.26"]
[Round "6"]
[White "Hammond, Andrew JC"]
[Black "Skindzier, Saturnin"]
[Result "1/2-1/2"]
[WhiteElo "2213"]
[BlackElo "2223"]
[PlyCount "35"]
[EventDate "2005.08.21"]
[EventType "swiss"]
[EventRounds "7"]
[EventCountry "POL"]
[SourceTitle "CBM 108 Extra"]
[Source "ChessBase"]
[SourceDate "2005.11.04"]
[SourceVersion "1"]
[SourceVersionDate "2005.11.04"]
[SourceQuality "1"]

1. d4 Nf6 2. Nf3 e6 3. c4 d5 4. Nc3 Be7 5. Bg5 0-0 6. Qc2 Nbd7 7. e3 c6 8. cxd5 exd5 9. Bd3 Re8 10. g4 Nf8 11. h3 Be6 12. Ne5 N6d7 13. Bf4 Nxe5 14. Bxe5 Bd6 15. Bxd6 Qxd6 16. 0-0-0 Re7 17. Kb1 Rae8 18. Rc1 1/2-1/2

[Event "NATO-ch 15th"]
[Site "The Hague"]
[Date "2004.08.13"]
[Round "6"]
[White "Drabke, Lorenz Maximilian"]
[Black "Skindzier, Saturnin"]
[Result "1-0"]
[WhiteElo "2428"]
[BlackElo "2247"]
[PlyCount "63"]
[EventDate "2004.08.08"]
[EventType "swiss"]
[EventRounds "7"]
[EventCountry "NED"]
[SourceTitle "CBM 101 Extra"]
[Source "ChessBase"]
[SourceDate "2004.09.01"]
[SourceVersion "2"]
[SourceVersionDate "2004.09.01"]
[SourceQuality "1"]

1. e4 c5 2. Nf3 Nc6 3. Bb5 g6 4. Bxc6 dxc6 5. d3 Bg7 6. h3 e5 7. Be3 Qe7 8. Qd2 f6 9. Qc3 b6 10. b4 Nh6 11. bxc5 b5 12. a4 bxa4 13. Rxa4 0-0 14. Nbd2 Nf7 15. Nc4 f5 16. Nb6 Rb8 17. Nxc8 Rfxc8 18. 0-0 f4 19. Bd2 g5 20. Rfa1 Rb7 21. Rb4 Rcc7 22. Rab1 Rxb4 23. Qxb4 h5 24. Qc4 Bf6 25. Rb8+ Kg7 26. d4 g4 27. hxg4 hxg4 28. Nxe5 Bxe5 29. dxe5 Rd7 30. e6 Rxd2 31. Qc3+ Qf6 32. Rg8+ 1-0

[Event "NATO-ch 15th"]
[Site "The Hague"]
[Date "2004.08.12"]
[Round "5"]
[White "Skindzier, Saturnin"]
[Black "Durik, Peter"]
[Result "1-0"]
[WhiteElo "2247"]
[BlackElo "2127"]
[PlyCount "99"]
[EventDate "2004.08.08"]
[EventType "swiss"]
[EventRounds "7"]
[EventCountry "NED"]
[SourceTitle "CBM 101 Extra"]
[Source "ChessBase"]
[SourceDate "2004.09.01"]
[SourceVersion "2"]
[SourceVersionDate "2004.09.01"]
[SourceQuality "1"]

1. d4 d5 2. Nf3 Nf6 3. c4 c6 4. Nc3 e6 5. Bg5 Be7 6. e3 0-0 7. Rc1 Nbd7 8. Bd3 dxc4 9. Bxc4 b5 10. Bd3 Bb7 11. 0-0 Rc8 12. Ne5 Nxe5 13. dxe5 Nd7 14. Bxe7 Qxe7 15. f4 f6 16. Ne4 fxe5 17. Nd6 Rb8 18. Nxb7 Rxb7 19. Rxc6 exf4 20. exf4 Nf6 21. Qe2 Qd7 22. Rxe6 Kh8 23. Kh1 b4 24. Ba6 Rb6 25. Rxb6 axb6 26. Bb5 Qc7 27. Qc4 Qd6 28. Re1 Rd8 29. g3 Qd2 30. Re2 Qd6 31. Kg2 h6 32. Kh3 Qd1 33. Kg2 Qd6 34. Qf7 Rf8 35. Qe6 Qd4 36. Qe5 Qd1 37. Bc6 Rd8 38. Qe3 Qd6 39. Bf3 Nd5 40. Qe4 Nf6 41. Qg6 Qc5 42. Qf7 Qd4 43. Kh3 Qd3 44. Kg2 Qd4 45. Qc7 Rd7 46. Qb8+ Rd8 47. Qe5 Qc4 48. b3 Qd3 49. Qc7 Qc3 50. Qxd8+ 1-0

[Event "NATO-ch 15th"]
[Site "The Hague"]
[Date "2004.08.09"]
[Round "2"]
[White "Cheung, Jan W"]
[Black "Skindzier, Saturnin"]
[Result "0-1"]
[WhiteElo "2100"]
[BlackElo "2247"]
[PlyCount "66"]
[EventDate "2004.08.08"]
[EventType "swiss"]
[EventRounds "7"]
[EventCountry "NED"]
[SourceTitle "CBM 101 Extra"]
[Source "ChessBase"]
[SourceDate "2004.09.01"]
[SourceVersion "2"]
[SourceVersionDate "2004.09.01"]
[SourceQuality "1"]

1. d4 Nf6 2. c4 e6 3. Nf3 Bb4+ 4. Bd2 Qe7 5. g3 0-0 6. Bg2 Nc6 7. 0-0 Bxd2 8. Qxd2 d6 9. Nc3 e5 10. d5 Nb8 11. e4 a5 12. Ne1 Nbd7 13. Nd3 Nc5 14. Nxc5 dxc5 15. f4 Ne8 16. b3 Bd7 17. a4 Ra6 18. Rae1 exf4 19. gxf4 Rh6 20. Rf3 Nd6 21. Qf2 Re8 22. e5 Nf5 23. Ne4 b6 24. Rd3 Qh4 25. Qxh4 Rxh4 26. Rf1 Nd4 27. Ng3 Bg4 28. Rf2 Bd7 29. Ne4 Rxf4 30. Rxd4 Rxf2 31. Kxf2 cxd4 32. Ke2 Rxe5 33. Kd3 f5 0-1

[Event "NATO-ch 14th"]
[Site "Hoevelte"]
[Date "2003.09.10"]
[Round "4"]
[White "Skindzier, Saturnin"]
[Black "Mueller, Fabian"]
[Result "1-0"]
[WhiteElo "2207"]
[BlackElo "2207"]
[PlyCount "75"]
[EventDate "2003.09.08"]
[EventType "swiss"]
[EventRounds "7"]
[EventCountry "DEN"]
[SourceTitle "CBM 096 Extra"]
[Source "ChessBase"]
[SourceDate "2003.10.22"]
[SourceVersion "2"]
[SourceVersionDate "2003.10.20"]
[SourceQuality "1"]

1. d4 Nf6 2. Nf3 g6 3. c4 Bg7 4. Nc3 0-0 5. e4 d6 6. Be2 e5 7. 0-0 Nc6 8. d5 Ne7 9. Ne1 Nd7 10. Be3 f5 11. f3 Nf6 12. Nd3 f4 13. Bf2 g5 14. b4 h5 15. c5 g4 16. Kh1 g3 17. hxg3 fxg3 18. Bxg3 Ng6 19. Bh2 h4 20. f4 exf4 21. Bxf4 Qe7 22. Bg5 Qe8 23. Bf3 Nh7 24. Bd2 Ne5 25. Qe2 Qg6 26. Nf4 Qf7 27. Rac1 Nxf3 28. gxf3 Nf6 29. cxd6 cxd6 30. Nb5 Ne8 31. Rg1 Kh7 32. Qh2 h3 33. Rg3 Rh8 34. Rcg1 Kg8 35. Nd4 Rh7 36. Nde6 Bxe6 37. Nxe6 Qf6 38. Be3 1-0

[Event "POL-chT 48th"]
[Site "Rewal"]
[Date "1992.09.26"]
[Round "10"]
[White "Skindzier, Saturnin"]
[Black "Jakubiec, Artur"]
[Result "0-1"]
[WhiteElo "2285"]
[BlackElo "2280"]
[PlyCount "76"]
[EventDate "1992.09.19"]
[EventType "team-tourn"]
[EventRounds "11"]
[EventCountry "POL"]
[SourceTitle "EXT 2019"]
[Source "ChessBase"]
[SourceDate "2018.10.10"]
[SourceVersion "1"]
[SourceVersionDate "2018.10.10"]
[SourceQuality "1"]
[WhiteTeam "Suwalki Hancza"]
[BlackTeam "Bielsko-Biala Wlokniarz"]
[WhiteTeamCountry "POL"]
[BlackTeamCountry "POL"]

1. d4 Nf6 2. c4 d6 3. Nf3 g6 4. Nc3 Bg7 5. e4 0-0 6. Be2 e5 7. 0-0 Nc6 8. d5 Ne7 9. Nd2 Nd7 10. Rb1 f5 11. b4 Kh8 12. Qc2 Nf6 13. f3 g5 14. c5 f4 15. Nc4 Ng6 16. Ba3 Ne8 17. Nd1 h5 18. Nf2 Nh4 19. Rb3 Rg8 20. cxd6 cxd6 21. h3 Bf8 22. Rc1 Nf6 23. Qd1 Bd7 24. Rbc3 Rc8 25. b5 Be8 26. Bb4 Rc7 27. a4 Rcg7 28. R1c2 g4 29. fxg4 hxg4 30. hxg4 Bh5 31. Nxe5 dxe5 32. Rc8 Qxc8 33. Rxc8 Bxb4 34. Rxg8+ Rxg8 35. gxh5 Rxg2+ 36. Kf1 Bc5 37. Nh3 Nxe4 38. Bf3 Ng3+ 0-1